01118njm a2200277Ia 450000100060000000300090000600500170001500800410003204000130007304000130008610000110009910000180011010000380012824500450016625000110021126000090022226000380023130000170026950000830028650500960036951100440046551100430050965000550055270000660060770001670067321024IT-RoPAU20220918181112.0131025s9999 xx 000 0 und d aIT-RoPAU cIT-RoPAU aAA.VV. eAutore musica gCodice autore musica SPICS: 12000 aBiennale musica 1982: numero e suono (3) a1a ed. aROMA bSPICS RECORDSc1982 [1a Ed.:1982] aMUSICASSETTA aIn collegamento diretto con il Teatro Malibran in Venezia. Musica strumentale. aAm Himmel Wandre Ich... per mezzosoprano e tenore - Trans, per orchestra e nastro magnetico aOrchestra Sinfonica di Milano della Rai aOrchestra Sinfonica di Radio Stoccarda aSTRUMENTALE [CASSETTE]eCodice MATERIA SPICS: 9951 aPetazzi PaoloeAutore testogCodice autore testo SPICS: 11572 aStockhausen KarlheinzeCodice autore musica SPICS: 9894Autore musicadAm Himmel Wandre Ich... per mezzosoprano e tenore - Trans, per orchestra e nastro magnetico